| 000 | 00566nam a22002297a 4500 | ||
|---|---|---|---|
| 003 | UA-OsUOA | ||
| 001 | 89281 | ||
| 007 | ta | ||
| 008 | 20121105b un ||||| |||| 00| 0 ukr d | ||
| 100 | _aДиптан Ольга | ||
| 090 |
_a821.161.2 _bД 46 |
||
| 942 | _cBK | ||
| 040 |
_aUA-OsUOA _bukr _cUA-OsUOA _dUA-OsUOA |
||
| 245 |
_aПоклонись землі _bДокументальна повість |
||
| 300 | _a231 с. | ||
| 955 | _a3 | ||
| 041 | _aukr | ||
| 080 | _a821.161.2 | ||
| 260 |
_aК. _bМолодь _c1972 |
||
| 650 | 7 | _2UDC | |
| 999 |
_c375533 _d375533 |
||